| 000 | 00764nam a2200229 4500 | ||
|---|---|---|---|
| 001 | 131646 | ||
| 003 | ES-MaACL | ||
| 005 | 20230906194023.0 | ||
| 007 | t| | ||
| 008 | 070214s1970 sp r ||||1| spa d | ||
| 100 | 1 |
_aRodríguez Cánovas, José. _998404 |
|
| 245 | 1 | 3 |
_aEl Molinete de Cartagena : _bapuntes para su historia / _cJosé Rodríguez Cánovas ; dibujos de Enrique G. Navarro ; prólogo de Alberto Colao. |
| 260 |
_aCartagena : _bAthenas, _c1970. |
||
| 300 |
_a91 p. : _bil. ; _c20 cm. |
||
| 490 | 1 |
_aAlmarjal ; _v27 |
|
| 651 | 4 |
_aCartagena- _xHistoria. _97970 |
|
| 700 | 1 |
_aNavarro, Enrique Gabriel. _9143749 |
|
| 700 | 1 |
_aColao, Alberto. _939546 |
|
| 830 | 1 |
_aAlmarjal ; _v27 _9186869 |
|
| 852 |
_aES-MaACL _jC-49019 |
||
| 999 |
_c131646 _d131646 |
||